000 00504nam a22001691a 4500
020 _a9788193036846
082 _aM09
_bULL/K.2
100 _aUlloor S Parameswara Iyer
245 _aKerala sahithya charithram (v.2)/
_cby Ulloor S Parameswara Iyer
250 _a6th.
260 _aThiruvananthapuram:
_bDepartment of Publication, University of Kerala,
_c2015.
300 _a979p.
650 _aLiterature Malayalam History
650 _aLiterature Malayalam
650 _aLiterature
942 _cBK
999 _c181938
_d181938